Online Catalogue and eLibrary

After Vatican two Acts ofthe second provincial Synod of Colombo in Ceylon 1968-1969 : (Record no. 2649)

MARC details
000 -LEADER
fixed length control field 00564nam a2200181Ia 4500
005 - DATE AND TIME OF LATEST TRANSACTION
control field 20240719035423.0
008 - FIXED-LENGTH DATA ELEMENTS--GENERAL INFORMATION
fixed length control field 240331s9999 xx 000 0 und d
020 ## - INTERNATIONAL STANDARD BOOK NUMBER
ISBN 13910590
082 ## - DDC Classification
Item Number - Author Mark AFT
Class No. 282
100 ## - MAIN ENTRY--PERSONAL NAME
Personal name Centre for Society and Religion,
245 #0 - TITLE STATEMENT
Title After Vatican two Acts ofthe second provincial Synod of Colombo in Ceylon 1968-1969 :
Remainder of title Including the first National Pastoral Convention
260 ## - PUBLICATION, DISTRIBUTION, ETC.
Place of publication, distribution, etc. Colombo
Name of publisher, distributor, etc. Centre for Society & Religion
Date of publication, distribution, etc. 1969
300 ## - PHYSICAL DESCRIPTION
Extent (e.g. Volumes, Pages etc.) 131 p .,
650 ## - SUBJECT ADDED ENTRY--TOPICAL TERM
Topical term or geographic name entry element Social
650 ## - SUBJECT ADDED ENTRY--TOPICAL TERM
Topical term or geographic name entry element Society
650 ## - SUBJECT ADDED ENTRY--TOPICAL TERM
Topical term or geographic name entry element Religion
942 ## - Koha item type (Biblio)
Koha item type Books in Stacks (Lending)
Holdings
Lost status Damaged status Collection code Home library Current library Shelving location Date acquired Full call number Accession Number Item type
    Lending WERC Library WERC Library Social Science Cupboard 03/31/2024 282 AFT 5529 Books in Stacks (Lending)

© WERC Library